[Event "Chigorin Memorial 27th"]
[Site "St Petersburg"]
[Date "2019.10.09"]
[Round "5"]
[White "Sladkov, Andrey"]
[Black "Kudryavtseva, Anastasia"]
[Result "1/2-1/2"]
[WhiteElo "1806"]
[BlackElo "1501"]
[PlyCount "56"]
[EventDate "2019.10.05"]
[EventType "swiss"]
[EventRounds "9"]
[EventCountry "RUS"]
[SourceTitle "EXT 2020"]
[Source "ChessBase"]
[SourceDate "2019.10.17"]
[SourceVersion "1"]
[SourceVersionDate "2019.10.17"]
[SourceQuality "1"]

1. e4 d6 2. d4 Nf6 3. Nc3 g6 4. Nf3 Bg7 5. Be2 0-0 6. 0-0 c6 7. h3 Nbd7 8. Be3 e5 9. dxe5 dxe5 10. Qd2 Re8 11. Rad1 Qe7 12. a3 b5 13. Qd6 Bb7 14. Qxe7 Rxe7 15. Nd2 a5 16. Bd3 Rae8 17. f3 Nh5 18. Ne2 Nf4 19. Nb3 a4 20. Nc5 Nxc5 21. Bxc5 Rd7 22. Nxf4 exf4 23. c3 Red8 24. Be2 Bf6 25. Rxd7 Rxd7 26. Rd1 Rxd1+ 27. Bxd1 Be5 28. Kf1 f6 1/2-1/2

[Event "Chigorin Memorial 27th"]
[Site "St Petersburg"]
[Date "2019.10.08"]
[Round "4"]
[White "Mirzoyan, Samvel1"]
[Black "Sladkov, Andrey"]
[Result "0-1"]
[WhiteElo "1203"]
[BlackElo "1806"]
[PlyCount "96"]
[EventDate "2019.10.05"]
[EventType "swiss"]
[EventRounds "9"]
[EventCountry "RUS"]
[SourceTitle "EXT 2020"]
[Source "ChessBase"]
[SourceDate "2019.10.17"]
[SourceVersion "1"]
[SourceVersionDate "2019.10.17"]
[SourceQuality "1"]

1. e4 c5 2. d4 cxd4 3. c3 Nc6 4. cxd4 e6 5. Nf3 Bb4+ 6. Bd2 Bxd2+ 7. Qxd2 d5 8. e5 f6 9. Nc3 a6 10. Be2 Nh6 11. 0-0 0-0 12. Rad1 Bd7 13. Qc2 fxe5 14. Nxe5 Nxe5 15. dxe5 Qg5 16. Bd3 Nf5 17. f4 Qh5 18. Rf3 h6 19. Bxf5 Qxf5 20. Qxf5 Rxf5 21. g4 Rf7 22. Kf2 Raf8 23. Ke3 Bc6 24. Rd4 g6 25. h4 g5 26. hxg5 hxg5 27. Ne2 Bb5 28. Nc3 Bc6 29. Ne2 Kg7 30. a4 a5 31. b3 Kg6 32. Rf2 Rh8 33. Ng3 Rh3 34. f5+ exf5 35. gxf5+ Rxf5 36. Rxf5 Rxg3+ 37. Rf3 Rxf3+ 38. Kxf3 Kf5 39. e6 Kxe6 40. Kg4 Ke5 41. Rd1 d4 42. Re1+ Be4 43. Kxg5 d3 44. Kg4 Kd4 45. Kf4 Bd5 46. Rb1 d2 47. Rd1 Kd3 48. Ke5 Bxb3 0-1

[Event "Chigorin Memorial 20th"]
[Site "St Petersburg"]
[Date "2012.11.01"]
[Round "6"]
[White "Spielmann, Alain"]
[Black "Sladkov, Andrey"]
[Result "1/2-1/2"]
[WhiteElo "2235"]
[BlackElo "1876"]
[PlyCount "89"]
[EventDate "2012.10.27"]
[EventType "swiss"]
[EventRounds "9"]
[EventCountry "RUS"]
[SourceTitle "EXT 2013"]
[Source "ChessBase"]
[SourceDate "2012.11.22"]
[SourceVersion "1"]
[SourceVersionDate "2012.11.22"]
[SourceQuality "1"]

1. c4 f5 2. g3 g6 3. Bg2 Bg7 4. Nc3 Nf6 5. d3 0-0 6. e4 fxe4 7. dxe4 d6 8. Nge2 Nc6 9. 0-0 e5 10. Nd5 Be6 11. f3 Qd7 12. Be3 b6 13. Qd2 a5 14. b3 Rac8 15. a3 Kh8 16. b4 Bh3 17. c5 Bxg2 18. Kxg2 axb4 19. cxb6 Nxd5 20. exd5 Ne7 21. b7 Rb8 22. axb4 Rxb7 23. Rab1 Nf5 24. Nc3 Rfb8 25. b5 Nd4 26. f4 Nxb5 27. Ne4 Na3 28. Rxb7 Rxb7 29. fxe5 Nc4 30. e6 Qe7 31. Qc1 Nxe3+ 32. Qxe3 Rb2+ 33. Kh3 Rc2 34. Rf7 Qe8 35. Nf6 Qb5 36. Qf3 Qb2 37. Ng4 h5 38. e7 hxg4+ 39. Kxg4 Qe5 40. Kh3 Kh7 41. Rxg7+ Kxg7 42. Qf8+ Kh7 43. Qf7+ Kh6 44. Qf8+ Kh7 45. Qf7+ 1/2-1/2

[Event "St Petersburg Autumn op"]
[Site "St Petersburg"]
[Date "2011.11.05"]
[Round "9"]
[White "Sladkov, Andrey"]
[Black "Grigoriev, Oleg"]
[Result "1/2-1/2"]
[WhiteElo "1885"]
[BlackElo "1780"]
[PlyCount "178"]
[EventDate "2011.10.28"]
[EventType "swiss"]
[EventRounds "9"]
[EventCountry "RUS"]
[SourceTitle "EXT 2013"]
[Source "ChessBase"]
[SourceDate "2012.11.22"]
[SourceVersion "1"]
[SourceVersionDate "2012.11.22"]
[SourceQuality "1"]

1. e4 c5 2. Nf3 d6 3. c3 Nf6 4. Bb5+ Bd7 5. Bxd7+ Nbxd7 6. Qe2 Qc7 7. 0-0 g6 8. d4 cxd4 9. Nxd4 a6 10. h3 Bg7 11. Bg5 0-0 12. Nd2 Nc5 13. N4b3 Rac8 14. Nxc5 Qxc5 15. Qe3 Qb5 16. Rab1 e6 17. Bh6 Rfd8 18. Bxg7 Kxg7 19. f4 Rd7 20. Nb3 Qa4 21. e5 Nd5 22. Qe2 Qxa2 23. Nd4 Qc4 24. Qe4 dxe5 25. Qxe5+ Kg8 26. Rbd1 Qc7 27. Nf3 Qxe5 28. Nxe5 Rdd8 29. Rf3 f6 30. Ng4 h5 31. Nf2 Kf7 32. g3 b5 33. Rfd3 Ke7 34. Ne4 Rc4 35. Nd2 Rc7 36. Ne4 Rdd7 37. Kf2 f5 38. Ng5 Nb6 39. Nf3 Rxd3 40. Rxd3 Rd7 41. Ne5 Rxd3 42. Nxd3 Nc4 43. b3 Nd2 44. Nc5 Kd6 45. b4 Ne4+ 46. Nxe4+ fxe4 47. Ke3 Kd5 48. g4 h4 49. Ke2 Kc4 50. Ke3 Kxc3 51. Kxe4 Kxb4 52. Ke5 Kc3 53. Kxe6 b4 54. f5 gxf5 55. gxf5 b3 56. f6 b2 57. f7 b1Q 58. f8Q Qe4+ 59. Kd7 Qb7+ 60. Ke6 Qc6+ 61. Ke5 Qc7+ 62. Ke6 Qc4+ 63. Kd7 Qd5+ 64. Kc7 a5 65. Qf6+ Qd4 66. Qf3+ Kc4 67. Qe2+ Kb4 68. Kb7 Qd7+ 69. Ka8 Qc6+ 70. Ka7 Qd7+ 71. Ka6 Qc8+ 72. Ka7 Qxh3 73. Qb2+ Kc4 74. Qa2+ Qb3 75. Qxa5 h3 76. Qc7+ Kd4 77. Qf4+ Kc5 78. Qc7+ Kb5 79. Qb6+ Kc4 80. Qe6+ Kb4 81. Qd6+ Kc3 82. Qe5+ Kc2 83. Qe2+ Kb1 84. Qe1+ Ka2 85. Qe2+ Ka3 86. Qe7+ Ka4 87. Qd7+ Ka3 88. Qe7+ Ka4 89. Qd7+ Ka3 1/2-1/2

[Event "St Petersburg Autumn op"]
[Site "St Petersburg"]
[Date "2011.11.03"]
[Round "7"]
[White "Sladkov, Andrey"]
[Black "Shakirova, Renata"]
[Result "1-0"]
[WhiteElo "1885"]
[BlackElo "1649"]
[PlyCount "119"]
[EventDate "2011.10.28"]
[EventType "swiss"]
[EventRounds "9"]
[EventCountry "RUS"]
[SourceTitle "EXT 2013"]
[Source "ChessBase"]
[SourceDate "2012.11.22"]
[SourceVersion "1"]
[SourceVersionDate "2012.11.22"]
[SourceQuality "1"]

1. e4 c5 2. c3 d5 3. exd5 Qxd5 4. d4 cxd4 5. Qxd4 Qxd4 6. cxd4 Nf6 7. Bc4 g6 8. Nf3 Bg7 9. Nc3 0-0 10. 0-0 Bf5 11. Re1 e6 12. h3 h5 13. Ne5 Nbd7 14. Bf4 Nb6 15. Bb3 Rfd8 16. Rad1 Nbd5 17. Bg5 Nb4 18. Rd2 Nc6 19. Nf3 Re8 20. Nh4 Nd7 21. Nxf5 exf5 22. Rxe8+ Rxe8 23. d5 Nce5 24. Nb5 a6 25. Nd6 Rb8 26. f4 b5 27. fxe5 Bxe5 28. Be7 f6 29. Rc2 Kg7 30. Rc7 Nb6 31. h4 Kg8 32. Rb7 Bxd6 33. Rxb8+ Bxb8 34. d6+ Kg7 35. Be6 Ba7 36. Kf1 Nd7 37. Bxd7 Bc5 38. a3 Kf7 39. Ke2 b4 40. a4 f4 41. b3 Bb6 42. Kf3 Be3 43. Bd8 Bc5 44. Bc7 g5 45. hxg5 fxg5 46. Bc8 Bxd6 47. Bxd6 Kf6 48. Bxb4 Ke5 49. Bc3+ Kd5 50. Bxa6 g4+ 51. Kxf4 Kc5 52. Ke5 Kc6 53. Bd4 Kc7 54. Bb5 Kb7 55. Kd6 Kc8 56. Bb6 h4 57. Kc6 h3 58. gxh3 gxh3 59. Bc7 h2 60. Ba6# 1-0

[Event "Chigorin Memorial 19th"]
[Site "St Petersburg"]
[Date "2011.10.19"]
[Round "6"]
[White "Khatenever, Feliks"]
[Black "Sladkov, Andrey"]
[Result "0-1"]
[WhiteElo "1864"]
[BlackElo "1885"]
[PlyCount "110"]
[EventDate "2011.10.14"]
[EventType "swiss"]
[EventRounds "9"]
[EventCountry "RUS"]
[SourceTitle "CBM 144 Extra"]
[Source "ChessBase"]
[SourceDate "2011.10.28"]
[SourceVersion "1"]
[SourceVersionDate "2011.10.28"]
[SourceQuality "1"]

1. d4 d5 2. Nf3 Nf6 3. g3 c6 4. Bg2 h6 5. 0-0 Bf5 6. c4 dxc4 7. Ne5 Be4 8. f3 Bxb1 9. Rxb1 e6 10. Nxc4 Nbd7 11. e4 Nb6 12. Ne5 Be7 13. Be3 0-0 14. f4 Nfd7 15. Qe2 Rc8 16. Rbd1 Nxe5 17. fxe5 Bg5 18. b3 Bxe3+ 19. Qxe3 Qc7 20. Rd2 c5 21. Rfd1 cxd4 22. Qxd4 Qc5 23. b4 Qxd4+ 24. Rxd4 Rc7 25. Bf1 Rfc8 26. Rd8+ Rxd8 27. Rxd8+ Kh7 28. Bb5 a6 29. Be8 Nc4 30. Ba4 Nxe5 31. Kg2 Kg6 32. Bb3 Kf6 33. Rd2 Rd7 34. Rf2+ Ke7 35. Rc2 Nc6 36. Rc4 Rd2+ 37. Kg1 Rd4 38. a3 Rxc4 39. Bxc4 Nd4 40. Bd3 Kd6 41. Kf2 Ke5 42. Ke3 Nc6 43. h3 Nb8 44. a4 Nd7 45. a5 Nf6 46. Bc2 Nh5 47. Kf3 Kd4 48. Ba4 Nf6 49. b5 axb5 50. Bxb5 Nxe4 51. Bc6 bxc6 52. a6 Nd2+ 53. Ke2 Nc4 54. a7 Nb6 55. Kd2 Na8 0-1